Logo BPK

Biblioteka

Politechniki Koszalińskiej

Anyony i złożone fermiony / (Rekord nr 31057)

Szczegóły MARC
000 -ETYKIETA REKORDU
podpole kontrolne o stałej długości 01123nam a2200289 i 4500
001 - NUMER KONTROLNY REKORDU
pole kontrolne bg
040 ## - ŹRÓDŁO KATALOGOWANIA
Instytucja, która utworzyła rekord BPK
041 0# - KOD JĘZYKA
Kod języka tekstu pl
Kod języka streszczenia lub abstraktu en
080 ## - UNIWERSALNA KLASYFIKACJA DZIESIĘTNA - UKD
UKD 539.12:530.1:515.1
008 - POLE O STAŁEJ DŁUGOŚCI - DANE KONTROLNE
podpole kontrolne o stałej długości s pl f |000 0 pol
100 1# - NAZWA OSOBOWA
Nazwa osobowa JACAK, Lucjan
245 10 - TYTUŁ/ODPOWIEDZIALNOŚĆ
Tytuł Anyony i złożone fermiony /
Pozostałe elementy strefy tytułu i oznaczenia odpowiedzialności Lucjan Jacak, Piotr Sitko, Konrad Wieczorek.
246 11 - WARIANT TYTUŁU
Tytuł Anyons and composite fermions
260 ## - STREFA ADRESU WYDAWNICZEGO
Miejsce wydania Wrocław :
Nazwa wydawcy/dystrybutora Oficyna Wydawnicza PW,
Data publikacji, dystrybucji/powstania dokumentu 1995.
300 ## - STREFA OPISU FIZYCZNEGO
Objętość 108, [2] s. :
Inne cechy fizyczne rys., wykr. ;
Rozmiary 24 cm.
490 1# - STREFA SERII I DOKUMENTU WIELOCZĘŚCIOWEGO - FORMA NIE DO WYSZUKIWANIA
Tytuł i oznaczenie odpowiedzialności serii Prace Naukowe Instytutu Fizyki Politechniki Wrocławskiej. Monografie =
-- Scientific Papers of the Institute of Physics of the Technical University in Wrocław. Monographs,
ISSN 0370-0828 ;
Numeracja w obrębie serii 20
500 ## - UWAGI OGÓLNE
Tekst uwagi Tyt równol. : Anyons and composite fermions.
500 ## - UWAGI OGÓLNE
Tekst uwagi Numeracja ser. gł. : 31.
504 ## - UWAGA DOTYCZĄCA BIBLIOGRAFII
Informacje o bibliografii Bibliogr. s. 104-[109]. - Summ.
650 #9 - HASŁO PRZEDMIOTOWE W FORMIE NAZWY OGÓLNEJ LUB JEDNOSTKOWEJ
Nazwa ogólna lub geograficzna Cząstki elementarne
650 #9 - HASŁO PRZEDMIOTOWE W FORMIE NAZWY OGÓLNEJ LUB JEDNOSTKOWEJ
Nazwa ogólna lub geograficzna Mechanika kwantowa
650 #9 - HASŁO PRZEDMIOTOWE W FORMIE NAZWY OGÓLNEJ LUB JEDNOSTKOWEJ
Nazwa ogólna lub geograficzna Topologia
Określnik ogólny zagadnienia
700 1# - HASŁO DODATKOWE - NAZWA OSOBOWA
Nazwa osobowa SITKO, Piotr
700 1# - HASŁO DODATKOWE - NAZWA OSOBOWA
Nazwa osobowa WIECZOREK, Konrad
830 #0 - HASŁO DODATKOWE SERII LUB DOKUMENTU WIELOCZĘŚCIOWEGO - TYTUŁ UJEDNOLICONY
Tytuł ujednolicony Prace Naukowe Instytutu Fizyki Politechniki Wrocławskiej.
Nazwa części/sekcji dzieła Monografie ;
Oznaczenie tomu 20
856 ## - LOKALIZACJA I DOSTĘP DO ELEKTRONICZNYCH DOKUMENTÓW ZDALNYCH
Link (URL) http://koha.tu.koszalin.pl/cgi-bin/koha/opac-detail.pl?biblionumber=31057
Tekst linku Katalog online BPK
942 ## - DODATKOWE ELEMENTY (KOHA)
Typ dokumentu Książka
Egzemplarze
Wycofany Status egzemplarza Uszkodzony Dostępność Lokalizacja stała Lokalizacja bieżąca Miejsce przechowywania Sygnatura Kod kreskowy Typ dokumentu
      Dostępny Biblioteka Politechniki Koszalińskiej Biblioteka Politechniki Koszalińskiej Wypożyczalnia BG 38123 01081671 Książka
© 2023 Biblioteka Politechniki Koszalińskiej :: KOHA